[Event "POL-ch 59th"]
[Site "Warsaw"]
[Date "2002.04.30"]
[Round "2"]
[White "Socko, Bartosz"]
[Black "Macieja, Bartlomiej"]
[Result "0-1"]
[WhiteElo "2564"]
[BlackElo "2584"]
[Annotator "Ribli,Z"]
[PlyCount "60"]
[EventDate "2002.04.29"]
[EventType "tourn"]
[EventRounds "13"]
[EventCountry "POL"]
[EventCategory "10"]
[SourceTitle "CBM 089"]
[Source "ChessBase"]
[SourceDate "2002.08.12"]
[SourceVersion "1"]
[SourceVersionDate "2002.08.12"]
[SourceQuality "1"]

1. Nf3 c5 2. e4 Nc6 3. d4 cxd4 4. Nxd4 Qc7 5. Nc3 e6 6. Be3 a6 7. a3 {Meiner
Meinung nach bietet diser Zug Weiß keine Chancen auf Eröffnungsvorteil.} b5 {
Das ist die prinzipielle Antwort für Schwarz.} 8. Be2 (8. Nxc6 Qxc6 9. Be2 Bb7
$11) 8... Bb7 9. Nxc6 Bxc6 (9... Qxc6 {Dieser Zug ist auch nicht verkehrt,
aber wenn Schwarz schon die freie Wahl hat, dann ist das Zurückschlagen auf c6
mit dem Läufer vorzuziehen.}) 10. O-O Nf6 11. Qd3 (11. Bf3 Bd6 12. g3 h5 13.
Re1 h4 14. Kg2 Be5 15. Bd4 Rc8 16. Nd5 Bxd5 17. Bxe5 Qxe5 18. exd5 Qxb2 19.
dxe6 fxe6 20. Qd6 Kf7 {0-1 Crouan,S-Kogan,A/Sautron 2001/CBM 85 ext (24)}) (11.
Bd3 d6 (11... Qb7 12. f3 d6 13. a4 b4 14. Ne2 Be7 15. Nd4 Bd7 16. Qe2 O-O 17.
Kh1 Rfc8 18. Nb3 Bd8 19. a5 Bc6 20. e5 dxe5 21. Nc5 Qe7 22. Bxa6 Rcb8 23. Nb3
Bd5 24. Bc4 {1-0 Maiorov,O-Gasimov,R/St Petersburg 1994/CBM 41 (53)}) 12. Qe2
Be7 13. Rae1 O-O 14. f4 Qb7 15. Bd4 Nd7 16. e5 dxe5 17. fxe5 {1/2-1/2
Kytoniemi,J-Hakulinen,E/FIN 1996/EXT 99 (41)}) (11. Qd4 $6 Bd6 12. h3 O-O 13.
Qd3 Be5 $15) 11... d5 $5 {Dieser Zug führt zu sehr scharfem Spiel.} (11... Qb7
$11) 12. exd5 Nxd5 13. Nxd5 Bxd5 14. a4 $1 $13 b4 (14... Rd8 15. axb5 Bxg2 16.
Qb3 Bxf1 17. Bxf1 $36) 15. Bd4 Bd6 $8 {Schwarz muss die Entwicklung
abschließen.} 16. Bxg7 Rg8 17. Qxh7 O-O-O $44 18. Rfd1 $5 {[%cal Gd1d6][%mdl
2048] Nun muss Schwarz mit einem Qualitätsopfer (Rxd5 oder Rxd6) rechnen. Weiß
kann auf Bxh2+ in einigen Varianten mit Kf1 antworten.} (18. Bxa6+ Kb8 $17 {
[%csl Ra6,Rg7]}) 18... Bb7 $2 (18... f6 $5 {[%cal Rc7h7]} 19. Rxd5 Rxg7 20.
Bxa6+ (20. Qh3 Bxh2+ 21. Qxh2 Qxh2+ 22. Kxh2 Rxd5 23. Bxa6+ Kc7 24. Bd3 $15)
20... Kb8 21. Rb5+ Ka7 22. Qe4 Bxh2+ 23. Kf1 Kxa6 24. g3 $13) (18... f5 $5 {
[%cal Rc7h7]} 19. Rxd5 Rxg7 20. Bxa6+ Kb8 21. Rb5+ Ka7 22. Qh6 (22. Qxg7 Qxg7
23. Rb7+ Qxb7 24. Bxb7 Kxb7 $17) 22... Kxa6 23. Qxe6 $13) 19. h4 $2 (19. Bc4
Kb8 $13) (19. Rd4 $142 $1 Bxh2+ (19... f5 20. Rc4 Bc6 21. Bf3 Rxg7 22. Qh6 $18)
20. Qxh2 Qxh2+ 21. Kxh2 Rxg7 22. Rxd8+ Kxd8 23. g4 $16) 19... f6 {[%cal Rc7h7]}
20. Rxd6 $8 {[%mdl 512] Weiß muss die Qualität geben.} Qxd6 21. Rd1 Qe5 (21...
Qe7 22. Rxd8+ Rxd8 23. h5 $36) (21... Qc7 22. Rxd8+ Rxd8 23. Bf1 $13) 22. Rxd8+
Rxd8 {Weiß hat nur einen Bauern für die Qualität, aber sein h-Bauer kann sehr
gefährlich werden.} 23. Qh5 $5 (23. Bf1 $13) 23... Qxh5 24. Bxh5 {Das weiße
Läuferpaar ist stark, und der h-Bauer ist immer eine Gefahrenquelle aus
schwarzer Sicht.} Rg8 {[%cal Rg8g1]} 25. Bxf6 Rxg2+ 26. Kf1 Kd7 27. Be5 Rg8 28.
Bf7 $2 (28. Be2 $13 {[%cal Gh4h5]}) 28... Rg4 29. Bg3 $2 (29. h5 Bg2+ 30. Kg1 (
30. Ke2 $2 Re4+) 30... Bf3+ 31. Bg3 (31. Kh2 Rg5 32. h6 Rxe5 33. h7 Re1 34. Kg3
(34. h8=Q Rh1+) 34... Rh1 35. Kxf3 Rxh7) 31... Rg5 $17) 29... Bf3 $1 $19 {
Plötzlich befindet sich der Bf7 in großer Not. Weiß verliert Material und
damit die Partie.} 30. Kg1 (30. Bh5 Rxg3 $19) 30... Rg7 {[%csl Rf7]} 0-1

[Event "Bundesliga 0001"]
[Site "Germany"]
[Date "2001.03.11"]
[Round "11.1"]
[White "Shirov, Alexei"]
[Black "Lutz, Christopher"]
[Result "1/2-1/2"]
[WhiteElo "2746"]
[BlackElo "2595"]
[Annotator "Ribli,Z"]
[PlyCount "124"]
[EventDate "2000.10.14"]
[EventType "team-tourn"]
[EventRounds "15"]
[EventCountry "GER"]
[SourceTitle "CBM 082"]
[Source "ChessBase"]
[SourceDate "2001.05.17"]
[SourceVersion "1"]
[SourceVersionDate "2001.05.17"]
[SourceQuality "1"]
[WhiteTeam "Luebeck"]
[BlackTeam "Porz"]
[WhiteTeamCountry "GER"]
[BlackTeamCountry "GER"]

1. e4 c5 2. Nf3 e6 3. d4 cxd4 4. Nxd4 Nc6 5. Nc3 Qc7 6. Be2 {Shirov spielt
sehr gerne den klassischen Aufbau mit 6.Be2 und 7.0-0.} a6 7. O-O Nf6 8. Be3
Bb4 9. Na4 Be7 {Heutzutage gilt dieser Läuferzug als die beste Fortsetzung für
Schwarz. Früher spielte man gewöhnlich 9...0-0, aber in konkreten Varianten
steht der Bb4 oft schlecht.} 10. Nxc6 (10. c4 Nxe4 {Diese Variante führt zu
scharfem Spiel. Weiß bekommt Kompensation für den Bauern, aber Schwarz kann
seine Stellung erfolgreich verteidigen.} 11. c5) 10... bxc6 11. Nb6 Rb8 12.
Nxc8 Qxc8 13. Bd4 {Dieser Zug ist in der Turnierpraxis derzeit in Mode - die
Fortsetzung 13.e5 Nd5 14.Bc1, bzw. 14.Bd4 wird nur noch selten gespielt.} c5
14. Be5 (14. Bc3 $6 Nxe4 15. Bxg7 Rg8 $13) 14... Rb6 15. Qd3 (15. b3 Nxe4 16.
Bxg7 Rg8 17. Be5 (17. Bb2 Rd6 $1 18. Bd3 c4 $1 19. bxc4 Qc6 20. Qf3 $8 Nd2 $11
{1/2-1/2 Lutz,C-Miladinovic,I/Corfu 1999/CBM 74/[Ribli] (31)}) 17... Bd6 18.
Bg3 c4 19. Bxc4 Bxg3 20. hxg3 Qc5 21. Bd3 Nxg3 22. Qf3 Ke7 23. Rfe1 Rg5 24.
Rad1 {1/2-1/2 Shabalov,A-Lutz,C/Istanbul 2000/EXT 2001 (61)}) 15... d6 (15...
Qc6 16. Bf3 d6 17. Bc3 e5 18. a4 c4 19. Qe3 O-O 20. a5 Rb7 21. g3 Rfb8 22. Bg2
Ne8 23. f4 Bf6 24. f5 Nc7 25. g4 h6 26. Qg3 Qd7 27. Rfd1 Nb5 {0-1 Shirov,
A-Anand,V/Frankfurt 2000/CBM 78 (69)}) (15... O-O 16. b3 d6 17. Bb2 Nd7 18.
Rad1 Bf6 19. Bc1 a5 20. f4 Rd8 21. Qh3 Nf8 22. Bd2 Qa8 23. Bd3 a4 24. Rde1 axb3
(24... g6 $6 25. f5 {1-0 Shirov,A-Atakisi,U/Batumi 1999/CBM 74 (32)}) 25. axb3
Ng6 26. g3 Rbb8 27. Qg2 Bd4+ 28. Kh1 d5 {0-1 Korneev,O-Halkias,S/Ubeda 2000/
CBM 75/[Ribli] (51)}) 16. Bc3 O-O 17. b3 d5 18. exd5 {Das ist die übliche
Fortsetzung. Aufgrund der Partie Kasparov,G - Lautier,J World Cup of Rapid
2001, in der 18.e5 folgte, vermute ich jedoch, dass wir in Zukunft auch zu
dieser Fortsetzung noch einige Partien eleben werden...} Nxd5 19. Be5 {Nach 13.
Bd4 und 17.b3 scheint es nur logisch, dass der Läufer auf der großen Diagonale
verweilt. Aber auch 19.Ld2 kommt stark in Betracht, denn auf diese Weise kann
Weiß den Abtausch des Läufers vermeiden.} (19. Bd2 Nb4 20. Qe4 (20. Qc4 Rd6 21.
Bxb4 cxb4 22. Qxb4 Qxc2 23. Bxa6 Rxa6 24. Qxe7 Rxa2 {1/2-1/2 Kasparov,G-Anand,
V/Frankfurt 2000/CBM 78 (33)}) 20... Bf6 21. c3 Rd8 22. Rad1 Nd5 23. Bd3 g6 24.
c4 Nb4 25. Qf3 Be5 26. Bg5 Rd7 27. Bb1 Nc6 28. h4 Nd4 29. Qe4 Bg7 30. h5 {
1-0 Shirov,A-Almasi,Z/Monaco MNC 2001/(61)}) 19... Bf6 {[%mdl 4] Dieser Zug
ist logisch - Schwarz möchte die schwarzfeldrigen Läufer abtauschen.} (19...
Rd8 $5 {[%cal Gd8d3]} 20. Qg3 Bf6 21. f4 Rb4 22. Bc4 Bxe5 23. fxe5 Qc6 $11) 20.
Bxf6 (20. f4 Bxe5 21. fxe5 Qb8 (21... c4 $2 22. Qxc4 Rc6 23. Qh4 $16) 22. Qe4 (
22. Qg3 Nb4 $132) (22. c4 Ne7 {[%csl Yd4][%cal Ge7g6,Gg6e5,Ge7f5,Gf5d4]}) 22...
Nc3 23. Qe3 Nd5) 20... Nxf6 21. Rad1 {Weiß hat die bessere Bauernstruktur,
aber das ist auch schon alles - Schwarz hat eine solide und gut
verteidigungsfähige Stellung.} Qc7 22. a4 $5 h6 (22... a5 {Schwarz verhindert
a4-a5, schwächt zugleich aber das Feld b5.}) 23. Qd2 Nd5 {[%csl Gd5] Der
Springer steht stark auf d5. Auf c2-c4? besetzt der Springer das Feld b4. Weiß
kann den Sporinger also nicht vertreiben, sondern bestenfalls abtauschen.} 24.
a5 Rb4 {[%csl Gb4][%cal Gb4d4]} 25. Bxa6 (25. Ra1 $6 Rd4 $36) 25... Qxa5 26.
Bc4 $14 {[%csl Gc4]} Qc7 {Es befindet sich nur noch wenig Material auf dem
Brett. Die weiße Bauernmehrheit am Damenflügel ist kaum zu verwerten.} 27. Qd3
(27. Bxd5 Rd8 $11) 27... Nf6 28. f4 $6 (28. Qd6 $5 Qxd6 29. Rxd6 $14) 28...
Rbb8 {Der Turm stand aufgrund des Bc4 vollkommen nutzlos auf b4.} 29. Rde1 Rbd8
$11 30. Qf3 g6 {Weiß hat keinen Vorteil in dieser Stellung - Schwarz
kontrolliert die d-Linie.} 31. Re2 (31. Rd1 $11) 31... Rd4 {Schwarz provoziert
den Zug 32.c3.} 32. c3 Rd7 33. g4 $6 {[%mdl 16384] Shirov spielt immer scharf
und mit viel Risiko. Dieser Zug bereitet einen Angriff am Königsflügel vor.}
Rfd8 34. Rff2 Kg7 35. Kg2 h5 $1 36. h3 (36. g5 Nd5 $15) 36... hxg4 37. hxg4 Rh8
$1 {[%cal Gd7d1,Gh8h1] Schwarz kontrolliert nun beide wichtigen Linien mit
seinen Türmen, der weiße "Angriff" ist schon vorüber.} 38. Kg3 Rd1 $15 {
[%csl Rg3]} 39. Rh2 Rg1+ 40. Reg2 Rxg2+ 41. Kxg2 (41. Rxg2 g5 $1 $17) 41...
Rxh2+ 42. Kxh2 g5 $1 $15 {[%cal Gc7h2] Schließlich ist es Schwarz, der am
Königsflügel reale Chancen bekommt.} 43. Kh3 (43. Kg3 gxf4+ 44. Qxf4 Ne4+ 45.
Kf3 Qxf4+ 46. Kxf4 Nxc3 $15 {Weiß hat einen Bauern weniger, aber aufgrund des
reduzierten Materials hat er gute Remischancen.}) 43... gxf4 $5 (43... Qxf4 44.
Qxf4 gxf4 45. b4 (45. g5 Ne4 46. Kg4 f3 $1 47. Kxf3 Nd2+ $19) 45... cxb4 46.
cxb4 $15) 44. g5 Nh7 (44... Nd7 $15) 45. Kg4 f5+ $1 $17 (45... e5 46. Kf5 $15)
46. Kh5 (46. gxf6+ Nxf6+ 47. Kh4 (47. Kg5 Qe5+ 48. Kh4 Ne4 $19) 47... e5 $17)
46... Nf8 {[%cal Gf8g6]} 47. g6 Kf6 (47... Nxg6 $6 48. Qg2 Qf7 49. Qg5 $11) (
47... Qd6 $1 48. Qb7+ Nd7 49. Qf3 Nf6+ 50. Kh4 Kxg6 $19) 48. Qg2 f3 $1 49. Qd2
(49. Qxf3 $2 Qh2+ $19) (49. Qg5+ Kg7 50. Qh6+ Kg8 $19) 49... f2 50. Qg5+ (50.
Qxf2 Nxg6 $19 {[%csl Rh5]}) 50... Kg7 51. Qh6+ Kg8 52. Qg5 Qh2+ 53. Qh4 Qg2 $6
(53... Qg1 $6 54. Qf6 $11) (53... Qxh4+ $5 54. Kxh4 Nxg6+ 55. Kg3 Kf7 56. Kxf2
Kf6 $17) 54. Qf6 $1 $11 {Unglaublich aber wahr - Schwarz hat eine Vielzahl von
Schachs zur Auswahl und kann doch nichts erreichen!} Qg4+ 55. Kh6 Qh3+ 56. Kg5
Qg3+ 57. Kh6 Qh3+ 58. Kg5 Qe3+ 59. Kh5 Qf3+ 60. Kh6 Qf4+ 61. Kh5 Qg4+ 62. Kh6
Qh3+ {Und Remis durch dreimalige Stellungswiederholung - wir haben dieselbe
Stellung nach 55...Qh3+,57...Qh3+ und schließlich 62...Qh3+.} 1/2-1/2

[Event "Olympiad-34"]
[Site "Istanbul"]
[Date "2000.11.04"]
[Round "7.2"]
[White "Rytshagov, Mikhail"]
[Black "Miladinovic, Igor"]
[Result "1-0"]
[WhiteElo "2529"]
[BlackElo "2563"]
[Annotator "Ribli,Z"]
[PlyCount "83"]
[EventDate "2000.10.28"]
[EventType "team-swiss"]
[EventRounds "14"]
[EventCountry "TUR"]
[SourceTitle "EXT 2001"]
[Source "ChessBase"]
[SourceDate "2000.11.22"]
[SourceVersion "1"]
[SourceVersionDate "2000.11.22"]
[SourceQuality "1"]
[WhiteTeam "Estonia"]
[BlackTeam "Greece"]
[WhiteTeamCountry "EST"]
[BlackTeamCountry "GRE"]

1. e4 c5 2. Nf3 Nc6 3. d4 cxd4 4. Nxd4 Qc7 5. Nc3 e6 6. Be2 a6 7. O-O Nf6 8.
Be3 {Hier kann Schwarz entweder die Partiefortsetzung oder 8...d6 spielen - im
letzteren Fall ist das ein Übergang in die Scheweninger Variante.} Bb4 9. Na4
Be7 {Das ist die beste Fortsetzung für Schwarz. - Nach 9.Na4 steht der Läufer
unsicher auf b4, und Schwarz muss immer mit c4-c5 rechnen.} 10. Nxc6 bxc6 11.
Nb6 Rb8 12. Nxc8 Qxc8 13. Bd4 $5 {Dieser Läuferzug läßt Weiß Hoffnung auf
Eröffnungsvorteil. Der Läufer verteidigt den Pb2 und im Falle von Nxe4 kann
Weiß den Pg7 schlagen.} (13. e5 Nd5 14. Bc1 Bc5 {Das ist die alte Variante.
Hier bekommt Schwarz gute Ausgleichschancen.}) 13... Nxe4 {Das ist ein sehr
riskanter Zug. Die Alternative scheint viel sicherer.} (13... c5 $5) 14. Bxg7 (
14. Qd3 d5 15. Qxa6 Qc7 16. Bxg7 Rg8 $44) 14... Rg8 15. Be5 (15. Qd4 d5 16. Be5
Rb4 17. c4 $13) 15... d6 16. Qd3 f5 {Weiß hat das Läuferpaar und die bessere
Bauernstellung, dennoch ist die Stellung keineswegs klar. Schwarz hat spürbar
Aktivität - der Ne4 steht gut und beide Türme befinden sich auf offenen Linien.
} 17. Bh5+ Kd7 {Dieser Zug wurde bereits in der Großmeisterpraxis gespielt,
aber auch der andere Königszug - 17...Kf8 - kommt in Betracht.} (17... Kf8 $5
18. Bf4 Kg7 19. Rfe1 e5 20. Rxe4 fxe4 21. Qxe4 Bf6 22. Bg3 Kh8 23. b3 d5 24.
Qe2 Qf5 25. h3 e4 26. Bg4 Qg5 27. Rd1 Be5 28. Bxe5+ Qxe5 29. Qxa6 Rg6 30. Qa7
Rbg8 {0-1 Calzetta,M-Botsari,A/Istanbul TUR/olwomen 2000/11/07/The Week in
Chess 314 (43)}) 18. Rad1 {[%cal Gd1d7]} (18. Bf3 Rb5 19. Bf4 Nc5 $13 20. Qd4
$2 e5 21. Bxe5 Ne6 {[%cal Re6d4,Rb5e5]}) 18... Rb5 {Der schwarze König steht
etwas unsicher in der Mitte, aber seine Bauernmasse ist stark.} 19. Bf4 Qb8 {
Schwarz verteidigt den Pd6 und möchte Bg5 ziehen.} (19... Rd5 $6 20. Qh3 Bg5
21. Bxg5 Nxg5 22. Qa3 $14 Rxd1 23. Rxd1 c5 24. h4 Ne4 25. Bf3 (25. Be2 $5 $16)
25... Qc6 26. c4 Kc7 27. Qa5+ Kb7 28. b4 $1 $40 {1-0 Emms,J-Fressinet,L/
Hastings 1999/CBM 69/[Ribli] (66)}) (19... Rxb2 20. f3 Nc5 21. Qc3 $44) 20. b3
$13 Bg5 (20... e5 $6 {Dieser scheinbar aktive Zug schwächt die schwarze
Bauernstellung.} 21. c4 (21. Be3 $14) (21. Bh6 $14) 21... Ra5 22. Bh6 Rxa2 23.
Qf3) 21. Bxg5 Nxg5 (21... Rxg5 $6 22. Bf3 Nc5 23. Qe3 $16) 22. c4 $14 {Weiß
hat eine bequeme Stellung und die bessere Figurenkoordination.} Rb4 (22... Ra5
$5) 23. f4 (23. Rfe1 $14 {[%cal Gd1d7,Ge1e6]}) 23... Ne4 24. Bf3 {Nun muss
sich die einzige aktive schwarze Figur zurückziehen, denn 24...Qb6+ 25.Kh1
Nf2+ 26.Rxf2 Qxf2 geht nicht wegen 27.Qxd6+.} Nc5 (24... Nf6 25. Rfe1 $14) (
24... d5 $2 25. Bxe4 fxe4 26. Qxe4 $18) 25. Qd4 (25. Qe3 $14) 25... Nb7 {
Das ist ein wahrlich bescheidenes Plätzchen für den vorher so aktiven Springer.
} 26. Rfe1 {[%csl Rd7][%cal Gd1d7,Ge1e6]} Qd8 {[%cal Gd8b6] Schwarz möchte mit
Qb6 die Damen tauschen.} 27. Re3 Qb6 28. Qd3 (28. Qd2 $14) 28... Qa5 29. Qe2
Re8 (29... Nc5 $2 30. Qd2 Nb7 31. Qc3 $18 {Droht 32.a3 Qxa3 33.Ra1 mit Gewinn.}
) 30. Kh1 {Weiß umgeht mögliche Unannehmlichkeiten auf der großen Diagonale.}
Rb6 31. Qc2 {Weiß hat keinen konkreten Spielplan, aber seine Stellung ist
angenehm, während Schwarz immer vorsichtig agieren muss.} Re7 32. Qe2 Qb4 (
32... Nc5 33. Re1 (33. Qb2 $1 Kc7 (33... Rb8 34. Qe5 $18) 34. a3 $1) 33... Rb8
$14) 33. Re1 {[%cal Ge1e6]} Nc5 34. g4 $1 $36 {[%mdl 128] Endlich beginnt Weiß
mit konkreten Aktionen am Königsflügel.} fxg4 35. Bxg4 {[%csl Re6] Mit einem
Mal hat Schwarz eine chronische Schwäche - den Pe6.} Rb8 36. f5 $16 {Weiß
gewinnt einen Bauern und erhält zusätzlichen Angriff.} Rf8 37. fxe6+ Kc7 38.
Rd1 (38. Rf1 Rxf1+ 39. Qxf1 $16) 38... Rf4 39. Bh3 a5 40. Qg2 {[%cal Rg2g5,
Rg5f4,Rg5e7]} Qb8 41. Rxd6 $1 $18 {[%mdl 64] Dieser elegante Zug gewinnt
sofort. Weiß hat schon zwei Bauern mehr, die schwarze Stellung ist völlig
hoffnungslos.} Qe8 (41... Kxd6 42. Qg5 {[%csl Rd6,Rf4][%cal Rg5e5,Re5d6]}) 42.
Qg3 {[%csl Rc7][%cal Rg3c7]} (42. Qg3 Qf8 43. Rd4 $18) 1-0

[Event "Politiken Cup 18th"]
[Site "Copenhagen"]
[Date "1996.??.??"]
[Round "3"]
[White "Hansen, Sune Berg"]
[Black "Hansen, Curt"]
[Result "0-1"]
[WhiteElo "2495"]
[BlackElo "2615"]
[Annotator "Ribli,Z"]
[PlyCount "88"]
[EventDate "1996.06.??"]
[EventType "swiss"]
[EventRounds "11"]
[EventCountry "DEN"]
[SourceTitle "CBM 054"]
[Source "ChessBase"]
[SourceDate "1996.10.01"]
[SourceVersion "1"]
[SourceVersionDate "1996.10.01"]
[SourceQuality "1"]

1. e4 c5 2. Nf3 e6 3. d4 cxd4 4. Nxd4 Nc6 5. Nc3 a6 6. Be3 Nf6 7. Be2 Bb4 8.
O-O Qc7 9. Na4 Bd6 (9... Be7 $5) 10. g3 (10. Nxc6 $6 bxc6 11. Nb6 Rb8 12. Nxc8
Rxc8 13. Bxa6 Ra8 14. Bd3 Bxh2+ 15. Kh1 Bf4 16. Qf3 Bxe3 17. Qxe3 Ng4 18. Qh3
h5 $40 {Hoffman,R-Matulovic,M/EUCup Vilnius/1995/EXP50/}) 10... Be7 (10... b5
11. Nb6 Rb8 12. Nxc8 Rxc8 13. a4 $14 {Suetin,A-Taimanov,M/USSR/1968/INF06,480/}
) 11. Nxc6 (11. c4 $5 Nxe4 12. Bf3 (12. c5 $5 O-O 13. Rc1 $44) 12... Nf6 13. c5
O-O 14. Rc1 $44 {Gallagher,J-Barlov,D/Lenk op/1989/}) 11... bxc6 12. c4 (12.
Nb6 $5 Rb8 13. Nxc8 Qxc8 14. e5 Nd5 15. Bc1 Bc5 16. Bd3 (16. c4 Ne7 17. b3 Qc7
18. Bb2 a5 (18... O-O $5) 19. Qc2 a4 $6 20. bxa4 Nf5 21. Rad1 Qa7 22. Bg4 Nd4
23. Qd2 $14 {Todorovic,G-Matulovic,M/Jugoslavija/1994/INF60,(194)/}) 16... O-O
17. c4 Ne7 18. b3 a5 19. Qg4 a4 20. Rb1 axb3 21. axb3 Qc7 22. Re1 Ng6 23. Qe4
Rb7 24. Kg2 $13 {Kiroski,T-Kurajica,B/Star Dojran/1991/}) 12... Nxe4 13. c5 O-O
14. Bd3 d5 $6 (14... Nf6 $5 {und spaeter moeglicherweise Rb8,Rd8,und d6,oder
d5.}) 15. cxd6 Nxd6 16. Qc2 $44 {Weiss hat einen Bauern weniger, dafuer aber
positionellen Druck am Damenfluegel.} Nf5 $2 {Dieser natuerliche Zug verliert
eine Qualitaet.} (16... g6) (16... h6 $5 17. Rac1 Rb8 18. Qxc6 $6 (18. Rfd1) (
18. Nc5) 18... Qxc6 19. Rxc6 Bd7 20. Rc7 Bxa4 21. Rxe7 Rxb2 $17) 17. Bxf5 exf5
18. Nb6 Rb8 19. Nd5 $1 Qd8 20. Nxe7+ Qxe7 21. Bc5 {[#]} Rxb2 {Die einzige
Chance.} 22. Qc3 (22. Bxe7 Rxc2 23. Bxf8 (23. Rfc1 $2 Rxc1+ 24. Rxc1 Re8 25.
Rxc6 $2 Bd7 $19 {ist ganz schlecht fuer Weiss.}) 23... Kxf8 24. Rfc1 Rxc1+ 25.
Rxc1 Be6 26. a3 $14 (26. Rxc6 Bxa2 27. Rxa6 {ist warscheinlich Remis})) 22...
Qb7 23. Bxf8 (23. Bd4 Re2 24. Bxg7 Rfe8 25. Bh8 (25. Bh6 $13 Qb2 (25... R2e5
26. f4 Qb6+ 27. Rf2 Qc5) 26. Qxc6 Bb7) 25... f6 26. Bxf6 $36) 23... Kxf8 24.
Rad1 Be6 25. Rd8+ (25. Rd6 $5) 25... Ke7 26. Rg8 Rb1 {Schwarz steht nicht mehr
schlechter. Die weisse Koenigsstellung ist verwundbar.} 27. Rc1 $6 (27. Rxg7
Rxf1+ 28. Kxf1 Qb1+ $13) 27... g6 28. Qc2 $2 Bxa2 $17 29. Kg2 Bd5+ 30. Kh3 Qb4
31. Qe2+ Qe4 32. Qxe4+ Bxe4 33. Rc3 (33. Rxb1 Bxb1 {ist auch fuer Schwarz
gewonnen.}) 33... Ra1 34. f3 Bd5 35. Ra8 a5 36. Kh4 Ra2 37. Kg5 a4 38. Ra7+ Kd6
39. h4 Ke5 40. Re7+ Kd6 41. Ra7 Ke5 42. Re7+ Kd4 43. Ree3 Rd2 44. h5 Bc4 {
Jetzt droht 45...Bd3,und nach 46.Ra3 folgt 46...Bb3. Eine glueckliche Partie
fuer Curt Hansen. Ribli} 0-1